LIBRARY & INFORMATION CENTRE, KCAET, TAVANUR

ONLINE PUBLIC ACCESS CATALOGUE (OPAC)

A Reference Manual of Soil and Water Conservation Engineering (Record no. 14587)

MARC details
000 -LEADER
fixed length control field 00394nam a22001457a 4500
020 ## - INTERNATIONAL STANDARD BOOK NUMBER
ISBN 9788176223089
082 ## - DEWEY DECIMAL CLASSIFICATION NUMBER
Classification number 631.45.
Item number MUK/RE
100 ## - MAIN ENTRY--AUTHOR NAME
Personal name Mukund Narayan
100 ## - MAIN ENTRY--AUTHOR NAME
Personal name Satyendra Kumar
100 ## - MAIN ENTRY--AUTHOR NAME
Personal name Nilesh Biwalkar
245 ## - TITLE STATEMENT
Title A Reference Manual of Soil and Water Conservation Engineering
260 ## - PUBLICATION, DISTRIBUTION, ETC. (IMPRINT)
Place of publication New Delhi
Name of publisher Biotech Books
Year of publication 2014
300 ## - PHYSICAL DESCRIPTION
Number of Pages 179
942 ## - ADDED ENTRY ELEMENTS (KOHA)
Koha item type Books
Holdings
Withdrawn status Lost status Damaged status Collection code Home library Current library Shelving location Date acquired Source of acquisition Cost, normal purchase price Full call number Accession Number Koha item type
        KAUAET KAUAET General Stacks 18/07/2016 Ganesh Book Centre 850.00 631.45. MUK/RE 24879 Books
free website counter